Statistiken für Top 22 FIFA 10 Player Ratings

Klicken Sie hier um das Quiz zu spielen!

Allgemein

  • Dieses Quiz wurde 67 mal gespielt
  • Das Durchschnittsergebnis liegt bei 9 aus 22

Antwortstatistiken

OVR RatingClubAntwort% Korrekt
93Real MadridCristiano Ronaldo
100%
91FC BarcelonaLionel Messi
96%
89Manchester UnitedWayne Rooney
70%
90FC LiverpoolSteven Gerrard
68%
91Real MadridIker Casillas
67%
89InterSamuel Eto'o
65%
89AS RomaFrancesco Totti
60%
90Juventus TurinGianluigi Buffon
60%
90FC BarcelonaZlatan Ibrahimovic
56%
89Valencia C.F.David Villa
47%
89FC LiverpoolFernando Torres
42%
88FC BarcelonaThierry Henry
40%
91InterJulio Cesar
32%
89Juventus TurinAlessandro Del Piero
28%
88ArsenalRobin van Persie
25%
88UdineseAntonio Di Natale
23%
89InterMaicon
18%
88FC BarcelonaDani Alves
16%
88SampdoriaAntonio Cassano
4%
88FC LiverpoolJosé Reina
4%
88FiorentinaAndrei Murgu
2%
89FiorentinaSebastien Frey
2%

Verteilung der Resultate

Perzentil nach korrekt beantworteten Fragen

Anzahl Personen mit jedem Resultat

Ihre Resultats-Entwicklung

Sie haben dieses Quiz noch nicht gespielt